000 00937nam a22002777a 4500
001 000398
003 DO-SdBNP
005 20160830085133.0
007 000398
008 160718b 1977 sp a ||||| |||| 00| 0 spa d
020 _a8422608847
040 _aBPMSU
_bspa
_cBPMSU
041 _aspa
_heng
092 _a794.1
_bH816m
100 1 _aHorowitz, Israel Albert
240 1 0 _aFirst book of chess-second book of chess.
_hEspañol
245 1 0 _aManual de iniciación al ajedrez :
_bestudios prácticos para el principiante /
_cI. A. Horowitz y Fred Reinfeld ; traducción del inglés S. Rodríguez de los Rios.
260 _aBarcelona :
_bCírculo de Lectores,
_c1977.
300 _a159 p. :
_bil ;
_c20 cm.
650 4 _aAJEDREZ
700 1 2 _aReinfeld, Fred
700 1 2 _aRodríguez de los Rios, S.,
_etr.
910 _aValidado. Control de calidad MFF
942 _2ddc
_cBK
956 _2LOPEREZ
_310
_620160721
_8BPMSU
_a00041
999 _c10922
_d10922